Healthy villages: a guide for communities and community health workers (Record no. 31672)

MARC details
000 -LEADER
fixed length control field 00869nam a2200205 a 4500
008 - FIXED-LENGTH DATA ELEMENTS--GENERAL INFORMATION
fixed length control field 120619s2002 ||||||||||||||||| || u
020 ## - INTERNATIONAL STANDARD BOOK NUMBER
International Standard Book Number 9241545534
050 ## - LIBRARY OF CONGRESS CALL NUMBER
Classification number RA 771 How (BOX 110)
100 ## - MAIN ENTRY--PERSONAL NAME
Personal name Howard, Guy
245 10 - TITLE STATEMENT
Title Healthy villages: a guide for communities and community health workers
Statement of responsibility, etc. by Guy Howard; [and others]
260 ## - PUBLICATION, DISTRIBUTION, ETC.
Place of publication, distribution, etc. Geneva:
Name of publisher, distributor, etc. WHO
Date of publication, distribution, etc. 2002
300 ## - PHYSICAL DESCRIPTION
Extent x, 108p.: ill.
500 ## - GENERAL NOTE
General note Blue Trunk Library Collection (WHO). Bibliography
650 ## - SUBJECT ADDED ENTRY--TOPICAL TERM
Topical term or geographic name entry element RURAL HEALTH SERVICES--HANDBOOKS
650 ## - SUBJECT ADDED ENTRY--TOPICAL TERM
Topical term or geographic name entry element COMMUNITY HEALTH SERVICES--HANDBOOKS
650 ## - SUBJECT ADDED ENTRY--TOPICAL TERM
Topical term or geographic name entry element COMMUNITY HEALTH AIDES--HANDBOOKS, MANUALS, ETC
700 ## - ADDED ENTRY--PERSONAL NAME
Personal name Bogh, Claus
700 ## - ADDED ENTRY--PERSONAL NAME
Personal name Goldstein, Greg
995 ## -
-- MEDICAL LIBRARY OPEN ACCESS
-- 743052
-- CBU-SCHOOL OF MEDICINE LIBRARY (Ndola)
-- BTL RA 771 How (BOX 110)
-- 1
-- AVAILABLE
-- Jun 22, 2012
-- 743052
-- Medical Library Open Access Collection
999 ## -
-- 31672
-- 31672
Holdings
Withdrawn status Lost status Source of classification or shelving scheme Damaged status Not for loan Permanent Location Current Location Shelving location Date acquired Total Checkouts Full call number Barcode Date last seen Price effective from Koha item type
          CBU-SCHOOL OF MEDICINE LIBRARY, NDOLA. CBU-SCHOOL OF MEDICINE LIBRARY, NDOLA.   11/30/2022   RA 771 How (BOX 110) 743052 11/30/2022 11/30/2022 MONOGRAPH